Pamela: or, virtue rewarder

সংরক্ষণ করুন:
গ্রন্থ-পঞ্জীর বিবরন
প্রধান লেখক: Richardson, Samuel (Author)
বিন্যাস: গ্রন্থ
ভাষা:ইংরেজি
প্রকাশিত: Londres Penguin Books 1980
মালা:Penguin Classics
বিষয়গুলি:
ট্যাগগুলো: ট্যাগ যুক্ত করুন
কোনো ট্যাগ নেই, প্রথমজন হিসাবে ট্যাগ করুন!

MARC

LEADER 00000nam a2200000 a 4500
001 UCX3293
003 CL-VaPUC
008 911023e19800000UK |||||||||||||||||eng|d
082 0 4 |a 823  |b RIC  |2 21 
100 0 |a Richardson, Samuel  |e author  |9 319410 
245 1 0 |a Pamela: or, virtue rewarder 
300 |a 537 p 
942 |c BK 
945 |d 19911023 00:00:00 
260 |a Londres  |b Penguin Books  |c 1980 
650 0 |a Novelas inglesas  |9 265220 
583 |a last modification  |c 20120708 11:02:57  |k Rodrigo Vera 
490 0 |a Penguin Classics 
999 |c 224089  |d 224087 
952 |0 0  |1 0  |4 0  |6 823_000000000000000_RIC_1980  |7 0  |8 A  |9 220482  |a BIBEDU  |b BIBEDU  |d 2019-11-15  |i 289193K  |o 823 RIC 1980  |p 289193K  |r 2019-11-15  |w 2019-11-15  |y BK  |k LIT 
952 |0 0  |1 0  |4 0  |6 823_000000000000000_RIC_1980  |7 0  |8 A  |9 220483  |a BIBEDU  |b BIBEDU  |d 2019-11-15  |i 2891948  |o 823 RIC 1980  |p 2891948  |r 2019-11-15  |w 2019-11-15  |y BK  |k LIT